Paris : in the late 19th century

Bibliographic Details
Format: Book
Published: Canberra : National Gallery of Australia , 1997
Subjects:

MARC

LEADER 00000cam a2200000 7i4500
001 0000036741
002 000039771
005 20000331.0
020 |a 0642130469 
090 0 0 |a 907.444361   |b PAR 
245 0 0 |a Paris :   |b in the late 19th century 
260 |a Canberra :   |b National Gallery of Australia ,   |c 1997 
300 |a 191p. :   |b ill. ;   |c 34cm. 
650 0 0 |a Art   |x Exhibitions   |x History   |y 19th century 
650 0 0 |a Exhibitions   |z France   |x History   |y 19th century 
650 0 0 |a Painting   |z France   |y 19th century 
999 |a 084648   |b BUKU   |c RUJUKAN   |e PERPUSTAKAAN KOMUNITI PETALING JAYA